01298naa a2200193 a 450000100080000000500110000800800410001910000110006024500520007126000090012352007960013265300220092865300140095065300120096465300120097665300140098865300270100277300750102910813322011-10-17 1997 bl uuuu u00u1 u #d1 aEpagri aUrupemabfruticultores participam de excurs??o. c1997 aA mat??ria trata de uma excurs??o realizada por t??cnicos e produtores de Urupema a S??o Joaquim para conhecerem novas t??cnicas de produ????o e aspectos de comercializa????o de ma??a. Durante a excurs??o visitaram cooperativas, onde receberam informa????es de mercado, qualidade, classifica????o e embalagem de ma????. O que chamou mais a aten????o dos produtores foi a qualidade da produ????o e a aten????o que as cooperativas dispensam ao mercdo consumidor. Tamb??m estiveram na Epagr/Esta????o Experimental de Sa?? Joaquim, onde conheceram os principais trabalhos de pesquisa desenvolvidos, principalmente aqueles que t??m por objetivo qualidade de fruto, novos sistmas de forma????o, prote????o contra granizo, al??m de visitarem a cole????o de cultivartes e varieades de ma???? e pera. aComercializa????o aExcurs??o aGranizo aMercado aQualidade aT??cnica de produ????o tCorreio Lageano, Lages, SC, 06 mar. 1997. Suplemento Rural, 34, p. 11.